It looks like you're offline.
Open Library logo
additional options menu

MARC Record from Scriblio

Record ID marc_records_scriblio_net/part02.dat:9715579:586
Source Scriblio
Download Link /show-records/marc_records_scriblio_net/part02.dat:9715579:586?format=raw

LEADER: 00586cam 22002051 4500
001 11027840
003 DLC
005 20050611191111.0
008 720804s1911 nyua 000 0 eng
010 $a 11027840
035 $a(OCoLC)373817
040 $aDLC$cOKentU$dOCoLC$dDLC
042 $apremarc
050 00 $aTK153$b.K3
100 1 $aKarapetoff, Vladimir,$d1876-1948.
245 14 $aThe magnetic circuit,$cby V. Karapetoff.
260 $aNew York [etc.]$bMcGraw-Hill book company,$c1911.
300 $axvii, 285 p.$billus.$c24 cm.
650 0 $aElectric machinery.
650 0 $aElectrodynamics.